000 00850nam a2200253 a 4500
003 CO-ViMGA
005 20230915233126.0
008 130204s2011 sp a gr 00010 spa d
020 _a9788493819194
040 _aCO-ViMGA
_bspa
_cCO-ViMGA
043 _as-ag---
082 0 4 _aA863.6 C45p
_bC45p
_219
100 1 _aCinetto, Liliana Cristina.
_92730
245 1 0 _aProblemas en el ropero y nuevos versos diversos /
_cLiliana Cinetto ; ilustrado por Nareme Melián.
260 _aSanta Cruz de Tenerife :
_bDiego Pun Ediciones,
_c2011.
300 _a80 p. :
_bil. ;
_c19 cm.
490 1 _aColección guaydil
650 1 4 _aFrutas
_v Poesías.
_92733
650 1 4 _aAnimales
_v Poesías.
_92732
650 1 4 _aPoesía juvenil argentina.
_92731
650 1 4 _aPrincesa
_v Poesías.
_92734
700 1 _aMelián, Nareme,
_eil.
_92735
942 _2ddc
_cBK
999 _c35346
_d35346